000 01175nam0a2200289 i 4500
001 RU\NLR\bibl\2035051
005 20260503055515.0
010 _a9785434601542
_96000
021 _aRU
_b2013-31464
_92164
035 _a(NLR Aleph) 002022591
090 _a4511759
_c4511759
100 _a20130521d2013 u y0rusy50 ca
101 0 _arus
102 _aRU
105 _aa |||||||||
200 1 _aРастения для тенистых мест
_f[сост.: Валентина Комарова и др.]
210 _aНижний Новгород
_cСлог
_d2013
215 _a94, [1] с.
_cцв. ил.
_d15
606 _aТеневыносливые растения
_jПопулярные издания
_xИспользование для озеленения приусадебных участков
_92350395
_3RU\NLR\AUTH\661404251
686 1 _aП274,1я9
702 1 _4220
_aКомарова
_bВ. Н.
_cсадовод, огородник
_gВалентина Николаевна
_9131735
_3RU\NLR\AUTH\770131769
801 0 _aRU
_bNLR
_c20130521
_gRCR
801 1 _aRU
_bNLR
_c20130521
942 _cBOOK
980 _aNBR